000 01243nam a2200373 i 4500
001 768714001
003 CO-MdFUSB
005 20210303111835.0
007 ta
008 060505t19931965nyub 000 1 eng d
010 _aBL 99789927
020 _a0345339703
020 _a0345339711
020 _a0345339738
040 _aNjBwBT
_cCO-MdFUSB
_dNjBwBT
_dCO-MdFUSB
_bspa
_erda
041 _aeng
082 _223
_a823.912
_bT649
100 1 _aTolkien, J. R. R.
_d1892-1973.
_eautor
245 1 4 _aThe Lord of the rings
_c/ J.R.R. Tolkien.
264 1 _aNew York :
_bBallantine Books,
_c[1965]
264 4 _c© 1965
300 _a398 páginas. :
_bmapas ;
_c18 cm.
336 _2rdacontent
_atexto
_btxt
337 _2rdamedia
_asin mediación
_bn
338 _2rdacarrier
_avolumen
_bnc
505 _apt. 1. La comunidad del anillo. pt. 2. Las dos torres. - pt. 3. El regreso del rey.
520 _aFrodo debe llevar el Anillo Único a través de las fronteras fantasmales de Mordor, la Tierra del Enemigo, y regresar al Fuego que puede destruir sus poderes malvados.
563 _aRústico
653 _aLiteratura inglesa.
653 _aFicción inglesa.
942 _cBK
945 _aJTF-925
999 _c66257
_d66257